Cambios en el sistema de partidos venezolanos, con especial referencia a la causa radical /

Guardado en:
Bibliografiske detaljer
Hovedforfatter: Barrios-Ferrer, Gonzalo
Format: Texto
Tags: Tilføj Tag
Ingen Tags, Vær først til at tagge denne postø!

MARC

LEADER 00000 a a2200000 04500
001 47053
003
040
100 |a Barrios-Ferrer, Gonzalo  
245 |a Cambios en el sistema de partidos venezolanos, con especial referencia a la causa radical /  |c Gonzalo Barrios-Ferrer  
773 |g número14, (1995), páginas 5-18  
999 |c 32269  |d 32269